Sam Smith (feat. Kim Petras) - Unholy (Lyrics) - Statistics

General Stats
  • This quiz has been taken 299 times
  • The average score is 196 of 289
Answer Stats
Answer % Correct
a
95%
A
95%
do
95%
unholy
95%
so
94%
the
94%
Doing
92%
something
92%
get
91%
I
91%
At
89%
at
89%
Body
89%
daddy,
89%
daddy
89%
don't
89%
don't
89%
don't
89%
know
89%
Shop
89%
getting
88%
hot
87%
me
85%
She
83%
she
83%
you
83%
You
83%
Daddy's
82%
Daddy's
82%
He
79%
he
79%
he,
79%
it,
78%
it
78%
to
75%
boy
72%
Mummy
72%
be
70%
drop
70%
like
70%
that
70%
got
67%
if
65%
lucky,
65%
lucky
65%
girl
64%
ever,
62%
ever
62%
your
62%
when
61%
clean
58%
keep
58%
knew
58%
And
57%
back
57%
how
57%
popping
57%
Dirty,
56%
dirty
56%
she's
55%
down
55%
dropping
55%
on
55%
she's
55%
slowly
55%
all
53%
business
53%
is
53%
married
53%
tell
52%
About
50%
about
50%
while
50%
been
49%
want
49%
out
48%
hear
47%
kick
46%
love,
46%
put
46%
scene
46%
talking
46%
can
45%
his
45%
Rihanna
45%
sat
45%
Give
43%
give
43%
Home
42%
kids
42%
left
42%
my
42%
places
42%
you've
42%
everyone
40%
He's
40%
in
40%
them
40%
Balenciaga
39%
She'd
39%
'cause
37%
cause
37%
no
37%
up
34%
up,
34%
addy
33%
baby,
32%
Miu
32%
need
32%
Prada,
32%
whispering
32%
never
30%
I'm
28%
drama
27%
Fendi,
27%
just
25%
Rodeo
24%
under
24%
covered
23%
covers
22%
jump
22%
gon'
22%
spending
20%
always
19%
A.M.
19%
I'll
19%
watch
19%
call
18%
gone
14%
bag
12%
No matching quizzes found
Score Distribution
Percent of People with Each Score
Percentile by Number Answered
Your Score History
You have not taken this quiz